| 000 | 01085cam a22003255a 4500 | ||
|---|---|---|---|
| 001 | 13658793 | ||
| 005 | 20151008132559.0 | ||
| 008 | 040719t2005 njua frbd 001 0 eng d | ||
| 010 | _a 2004051196 | ||
| 020 | _a0471469491 (acidfree paper) | ||
| 020 | _a9780471469490 | ||
| 040 |
_aDLC _beng _cDLC _dDLC _dEG-ScBUE |
||
| 082 | 0 | 4 |
_a332.12068 _bGUP _222 |
| 100 | 1 |
_aGup, Benton E. _938468 |
|
| 245 | 1 | 0 |
_aCommercial banking : _bthe management of risk / _cBenton E. Gup, James W. Kolari. |
| 250 | _a3rd ed. | ||
| 260 |
_aHoboken : _bJohn Wiley & Sons, _cc.2005. |
||
| 300 |
_axxix, 548 p. : _bill. ; _c26 cm. |
||
| 500 | _aRev. ed. of : Commercial banking / Donald R. Fraser. c2001. | ||
| 500 | _aGlossary : p. 503-526. | ||
| 500 | _aIncludes bibliographical references and indexes. | ||
| 650 | 0 |
_aBank management. _2BUEsh |
|
| 650 | 7 |
_aRisk management. _2BUEsh _912222 |
|
| 651 | _2BUEsh | ||
| 653 |
_bBUSADM _cOctober2015 |
||
| 655 |
_vReading book _934232 |
||
| 700 | 1 | _aKolari, James W. | |
| 700 | 1 |
_aFraser, Donald R. _tCommercial banking. |
|
| 942 |
_2ddc _k332.12068 GUP |
||
| 999 |
_c20886 _d20858 |
||